000 00530cam a2200205ua 4500
001 1733
005 20260515113359.0
008 110716n ii |||gr||||Z||||||eng
020 _a81-7663-780-7
040 _cMAIN
082 _a330.01
100 1 _aChopra, P. N.,
_eAuthor.
245 1 _aAdvanced economic theory
_cby P. N. Chopra
250 _a10th.
260 _aNew Delhi:
_bKalyani Publishers,
_c2001.
_aCalcutta:
300 _a285p:
_bill;
_c25cm.
653 _aEconomic
653 _aadvanced economic theory
942 _cBK
999 _c1616
_d1616